000 00421pab a2200169 454500
008 180718b2004 xxu||||| |||| 00| 0 eng d
100 _aRay, Kamal
245 _aEmployment and environmental aspects of jute
260 _c2004
300 _ap.819-32.
362 _aOct-Dec
650 _aJute
650 _aEnvironment
650 _aEmployment
773 _aIndian Journal of Agricultural Economics
909 _a64405
999 _c64405
_d64405